000 00295nam a2200121Ia 4500
008 190216s9999||||xx |||||||||||||| ||und||
100 _aKuchhal C
245 0 _aIndustrial Economy Of India
260 _bChaithanya Pub.House Allahabad
_c1976
300 _a488p
650 _aEconomics
942 _cBK
999 _c9662
_d9662